Spoločné komuniké z oficiálnej priateľskej návštevy ministra zahraničných vecí Jemenskej ľudovej demokratickej republiky Abdala Azíza Dalího v ČSSR

Bibliographic Details
Format: Article
Language:Slovak
Subjects:

MARC

LEADER 00000nab a2200000 a 4500
001 vtls000175758
003 SK-MaSNL
005 20260302201709.0
008 111104c1984 xo 0 slo
015 |a SNBRB19rr/mm-uuuuu 
035 |a CL0185871 
040 |a SNKBUCL  |b slo  |c SNKBUCL  |e AACR2 
041 0 |a slo 
044 |a xo  |c SK 
080 |a 327(437:534)  |2 1981 
080 |a 327(100-19)(534)  |2 1981 
245 0 0 |a Spoločné komuniké z oficiálnej priateľskej návštevy ministra zahraničných vecí Jemenskej ľudovej demokratickej republiky Abdala Azíza Dalího v ČSSR 
650 0 7 |a ČSSR  |2 snkbucl  |9 335647 
650 0 7 |a Južný Jemen  |2 snkbucl  |9 922417 
655 7 |a články z novín a časopisov  |2 snkbucl  |9 267496 
773 0 |t Pravda  |g Roč. 65, č. 74 (27. 3. 1984), s. 6 
850 |a Slovenská národná knižnica v Martine  |a MTA001 
852 |a SNK  |b KIS3GCP 
958 |a RK 
992 |a RBX 
999 |c 1461869  |d 1463799